مكتبة جامعة عجلون الوطنية

فهرس بحث المكتبة

Historical and comparative linguistics / (Record no. 33480)

MARC details
000 -LEADER
fixed length control field 01294pam a2200337 a 4500
001 - CONTROL NUMBER
control field 1022138
003 - CONTROL NUMBER IDENTIFIER
control field JO-AjAnu
005 - DATE AND TIME OF LATEST TRANSACTION
control field 20240501092733.0
008 - FIXED-LENGTH DATA ELEMENTS--GENERAL INFORMATION
fixed length control field 890109s1989 ne a b 001 0 eng
010 ## - LIBRARY OF CONGRESS CONTROL NUMBER
LC control number 88036035
020 ## - INTERNATIONAL STANDARD BOOK NUMBER
International Standard Book Number 9027235562 (alk. paper) :
Terms of availability $56.00 (U.S.)
020 ## - INTERNATIONAL STANDARD BOOK NUMBER
International Standard Book Number 9027235570 (pbk. : alk paper) :
Terms of availability $24.95 (U.S.)
040 ## - CATALOGING SOURCE
Original cataloging agency DLC
Transcribing agency DLC
Modifying agency DLC
-- JO-AjAnu
Language of cataloging eng
041 #0 - LANGUAGE CODE
Language code of text/sound track or separate title eng
Language code of original eng
050 00 - LIBRARY OF CONGRESS CALL NUMBER
Classification number P140
Item number .A58 1989
082 00 - DEWEY DECIMAL CLASSIFICATION NUMBER
Classification number 410/.9
Edition number 19
100 1# - MAIN ENTRY--PERSONAL NAME
Personal name Anttila, Raimo.
245 10 - TITLE STATEMENT
Title Historical and comparative linguistics /
Statement of responsibility, etc. Raimo Anttila.
250 ## - EDITION STATEMENT
Edition statement 2nd rev. ed.
260 ## - PUBLICATION, DISTRIBUTION, ETC.
Place of publication, distribution, etc. Amsterdam ;
-- Philadelphia :
Name of publisher, distributor, etc. John Benjamins Pub. Co.,
Date of publication, distribution, etc. 1989.
300 ## - PHYSICAL DESCRIPTION
Extent xv, 462 p. :
Other physical details ill. ;
Dimensions 23 cm.
440 #0 - SERIES STATEMENT/ADDED ENTRY--TITLE
Title Amsterdam studies in the theory and history of linguistic science.
Number of part/section of a work Series IV,
Name of part/section of a work Current issues in linguistic theory,
International Standard Serial Number 0304-0763 ;
Volume/sequential designation v. 6
500 ## - GENERAL NOTE
General note Rev. ed. of: An introduction to historical and comparative linguistics. 1st ed. 1972.
500 ## - GENERAL NOTE
General note Includes index.
504 ## - BIBLIOGRAPHY, ETC. NOTE
Bibliography, etc. note Bibliography: p. 413-447.
650 #0 - SUBJECT ADDED ENTRY--TOPICAL TERM
Topical term or geographic name entry element Historical linguistics.
650 #0 - SUBJECT ADDED ENTRY--TOPICAL TERM
Topical term or geographic name entry element Comparative linguistics.
700 1# - ADDED ENTRY--PERSONAL NAME
Personal name Anttila, Raimo.
Title of a work Introduction to historical and comparative linguistics.
906 ## - LOCAL DATA ELEMENT F, LDF (RLIN)
a 7
b cbc
c orignew
d 1
e ocip
f 19
g y-gencatlg
942 ## - ADDED ENTRY ELEMENTS (KOHA)
Source of classification or shelving scheme Library of Congress Classification
Koha item type Books
Suppress in OPAC No
Holdings
Withdrawn status Lost status Source of classification or shelving scheme Damaged status Not for loan Home library Current library Date acquired Total Checkouts Full call number Barcode Date last seen Price effective from Koha item type
    Library of Congress Classification     مكتبة جامعة عجلون الوطنية مكتبة جامعة عجلون الوطنية 01/05/2024   P140.A58 1989 e3711 01/05/2024 01/05/2024 Books
    Library of Congress Classification     مكتبة جامعة عجلون الوطنية مكتبة جامعة عجلون الوطنية 01/05/2024   P140.A58 1989 e3712 01/05/2024 01/05/2024 Books